=LDR 00000nam 2200000 4500 =001 INLIS000000000019955 =005 20130612114948 =008 ***********************************Ind** =035 ##$$0010-061300000019955 =041 ##$$a Ind =082 ##$$a F Rom K =090 ##$$a F Rom K, Kay m =100 ##$$a Kayama, Yumi =245 ##$$a Misteri di Kiyosato, oleh Yumi Kayama dan Jun Kazami =260 ##$$a 2004 $b Jakarta =300 ##$$a 196 hlm, ilus, 19 cm =650 ##$$a Fiksi Kanak-Kanak =850 ##$$a NBPNMAT